000 00487nam a2200181Ia 4500
008 221030s9999 xx 000 0 und d
020 _a81297
041 _aEnglish
082 _a105.23
_bCom
100 _aD. E. Comer
245 0 _aInternetworking with TCP/IP- Vol. II Design, Implementation & Internals
_cby D. E. Comer, D.L. Stevens
250 _a3rd
260 _bPearson Education
_aDelhi
_c2005
300 _a660
650 _aComputers
700 _aD.L. Stevens
942 _cBK
999 _c2532
_d2532